Berlin-Quiz - Statistiken

Allgemein
  • Dieses Quiz wurde 358 mal gespielt
  • Das Durchschnittsergebnis liegt bei 11 aus 17
Antwortstatistiken
Frage Antwort % Korrekt
Bundesland, von dem es vollständig umschlossen wird Brandenburg
98%
Bundesland, in dem es liegt Berlin
97%
Flüsse, welche durch die Stadt laufen Spree
88%
"Ich" auf Berlinerisch Ick | Icke
82%
Anzahl der Bezirke 12
81%
Regierende Parteien (86 Sitze) SPD
79%
Regierende Parteien (86 Sitze) CDU
78%
Höchstes Gebäude Fernsehturm
74%
Wahrzeichen der Stadt Brandenburger Tor
71%
Flüsse, welche durch die Stadt laufen Havel
66%
Beherbergt den Bundestag Reichstag
61%
Wahrzeichen mit dem goldenen Berliner Friedensengel (Tiergarten) Siegessäule
48%
Amtssitz des Bundespräsidenten Schloss Bellevue
45%
Beliebteste Shoppingmeile Kurfürstendamm
36%
Datum des Mauerfalls 9. November 1989
27%
Regierender Bürgermeister Kai Wegner
18%
Flüsse, welche durch die Stadt laufen Dahme
15%
Keine übereinstimmenden Quizze gefunden
Verteilung der Resultate
Anzahl Personen mit jedem Resultat
Perzentil nach korrekt beantworteten Fragen
Ihre Resultats-Entwicklung
Sie haben dieses Quiz noch nicht gespielt